书目信息 |
| 题名: |
服装画技法
|
|
| 作者: | 袁金龙 , 钱安明 , 程雅娟 编著 | |
| 分册: | ||
| 出版信息: | 合肥 合肥工业大学出版社 2009.08 |
|
| 页数: | 96页 | |
| 开本: | 26cm | |
| 丛书名: | 高等院校应用型设计教育规划教材 | |
| 单 册: | ||
| 中图分类: | TS941.28 | |
| 科图分类: | ||
| 主题词: | 服装--fu zhuang--绘画--技法 (美术)--高等学校--教材 | |
| 电子资源: | ||
| ISBN: | 978-7-5650-0039-3 | |
| 000 | 01434nam 2200325 450 | |
| 001 | 012010306464 | |
| 005 | 20100415161634.89 | |
| 010 | @a978-7-5650-0039-3@dCNY39.00 (含光盘) | |
| 010 | @a978-7-89992-852-3@b光盘 | |
| 100 | @a20100415d2009 em y0chiy0120 ea | |
| 101 | 0 | @achi |
| 102 | @aCN@b340000 | |
| 105 | @aa a 000yy | |
| 106 | @ar | |
| 200 | 1 | @a服装画技法@Afu zhuang hua ji fa@d= Fashion drawing technique@f袁金龙 ... [等] 编著@Fyuan jin long...[deng]bian zhu@zeng |
| 210 | @a合肥@c合肥工业大学出版社@d2009.08 | |
| 215 | @a96页@c图@d26cm@e光盘1片 | |
| 225 | 2 | @a高等院校应用型设计教育规划教材@Agao deng yuan xiao ying yong xing she ji jiao yu gui hua jiao cai@i服装艺术与工程系列 |
| 304 | @a题名页题 : 袁金龙, 钱安明, 程雅娟, 方海燕编著 | |
| 320 | @a有书目 (第96页) | |
| 330 | @a本书系统地介绍了学习服装画的基本知识和表现技法,并对相关的理论做了系统阐述,力求图文并茂、通俗易懂,使其不流于抽象并具有实用性的特点。适于服装设计专业的师生作为学习、借鉴的参考教材,也适合没有绘画基础的自学者使用。 | |
| 410 | 0 | @12001 @a高等院校应用型设计教育规划教材@i服装艺术与工程系列 |
| 510 | 1 | @aFashion drawing technique@zeng |
| 606 | 0 | @a服装@Afu zhuang@x绘画@x技法 (美术)@x高等学校@j教材 |
| 690 | @aTS941.28@v4 | |
| 701 | 0 | @a袁金龙@Ayuan jin long@4编著 |
| 701 | 0 | @a钱安明@Aqian an ming@4编著 |
| 701 | 0 | @a程雅娟@Acheng ya juan@4编著 |
| 801 | 0 | @aCN@bQSSK@c20100415 |
| 905 | @b778469-70@dTS941.28@eY893@f2 | |
| 服装画技法= Fashion drawing technique/袁金龙 ... [等] 编著.-合肥:合肥工业大学出版社,2009.08 |
| 96页:图;26cm+光盘1片.-(高等院校应用型设计教育规划教材.服装艺术与工程系列) |
| ISBN 978-7-5650-0039-3:CNY39.00 (含光盘) |
| 本书系统地介绍了学习服装画的基本知识和表现技法,并对相关的理论做了系统阐述,力求图文并茂、通俗易懂,使其不流于抽象并具有实用性的特点。适于服装设计专业的师生作为学习、借鉴的参考教材,也适合没有绘画基础的自学者使用。 |
| ● |
| 相关链接 |
|
|
|
正题名:服装画技法
索取号:TS941.28/Y893
 
预约/预借
| 序号 | 登录号 | 条形码 | 馆藏地/架位号 | 状态 | 备注 |
| 1 | 778469 | 207784691 | 自科库501/501自科库 74排1列2层/ [索取号:TS941.28/Y893] | 在馆 | |
| 2 | 778470 | 207784708 | 自科库501/501自科库 74排1列2层/ [索取号:TS941.28/Y893] | 在馆 |